[Event "Liberec Desko op"]
[Site "Liberec"]
[Date "2023.07.18"]
[Round "5"]
[White "Novotny, Jaroslav"]
[Black "Belaska, Premysl"]
[Result "1-0"]
[WhiteElo "2155"]
[BlackElo "2207"]
[PlyCount "123"]
[EventDate "2023.07.15"]
[EventType "swiss"]
[EventRounds "9"]
[EventCountry "CZE"]
[SourceTitle "CBM 215 Extra"]
[Source "ChessBase"]
[SourceDate "2023.09.30"]
[SourceVersion "1"]
[SourceVersionDate "2023.09.30"]
[SourceQuality "1"]

1. c4 e5 2. g3 d5 3. cxd5 Qxd5 4. Nf3 Nc6 5. Nc3 Qd8 6. Bg2 Nf6 7. 0-0 Bc5 8. d3 h6 9. Bd2 0-0 10. Rc1 Qe7 11. a3 a5 12. Nb5 Bb6 13. Bc3 Nd5 14. Nd2 Nxc3 15. Nxc3 Bd4 16. e3 Bxc3 17. Rxc3 Nb8 18. d4 Rd8 19. Qc2 Na6 20. Nc4 exd4 21. exd4 Rxd4 22. Nxa5 Rb8 23. Re3 Qf8 24. Rfe1 Rd8 25. b4 g6 26. Bf1 Bf5 27. Qc3 c5 28. b5 Nc7 29. Re5 Ne6 30. Bg2 Rd7 31. Nc4 Ra8 32. Rxf5 gxf5 33. Nb6 Rad8 34. Nxd7 Rxd7 35. a4 Nd4 36. Qc4 b6 37. a5 bxa5 38. b6 f4 39. gxf4 Qb8 40. Qxc5 Ne6 41. Qxa5 Nxf4 42. Qa8 Rd8 43. Qxb8 Rxb8 44. Rb1 Kf8 45. Bf3 Ke7 46. h4 Ng6 47. h5 Ne5 48. Be4 Rg8+ 49. Kf1 Nd7 50. b7 Kd6 51. Ke2 Re8 52. Kf3 Rb8 53. Rd1+ Ke7 54. Rxd7+ Kxd7 55. Bf5+ Kd6 56. Bc8 Ke5 57. Ke3 f6 58. Kf3 Kd4 59. Kf4 Kd3 60. Kf5 Ke2 61. Kxf6 Kxf2 62. Kg6 1-0

[Event "Liberec Desko op"]
[Site "Liberec"]
[Date "2023.07.15"]
[Round "1"]
[White "Novotny, Jaroslav"]
[Black "Svec, Ludek"]
[Result "1-0"]
[WhiteElo "2155"]
[BlackElo "1614"]
[PlyCount "97"]
[EventDate "2023.07.15"]
[EventType "swiss"]
[EventRounds "9"]
[EventCountry "CZE"]
[SourceTitle "CBM 215 Extra"]
[Source "ChessBase"]
[SourceDate "2023.09.30"]
[SourceVersion "1"]
[SourceVersionDate "2023.09.30"]
[SourceQuality "1"]

1. c4 e6 2. Nc3 d5 3. e3 Nf6 4. Nf3 c5 5. cxd5 exd5 6. d4 Nc6 7. Bb5 Qc7 8. 0-0 a6 9. Bxc6+ bxc6 10. b3 Bd6 11. dxc5 Bxc5 12. Bb2 0-0 13. Rc1 Qd6 14. Ne2 Ba3 15. Qd4 Bxb2 16. Qxb2 Bb7 17. Rc2 Rfd8 18. Rfc1 Ne4 19. Ng3 Rac8 20. b4 Rc7 21. Nxe4 dxe4 22. Nd4 Rcd7 23. Rc5 Qg6 24. h4 Qf6 25. g3 g6 26. Qe2 Rd6 27. Qg4 Re8 28. Qf4 Qxf4 29. gxf4 Red8 30. Re5 f6 31. Rec5 f5 32. h5 Kf7 33. Kg2 Ke7 34. hxg6 hxg6 35. Nxc6+ Bxc6 36. Rxc6 Rxc6 37. Rxc6 Rd6 38. Rc7+ Ke6 39. Rc5 Rd5 40. Rc6+ Rd6 41. Rxd6+ Kxd6 42. Kg3 Kd5 43. a4 Kc4 44. b5 axb5 45. axb5 Kxb5 46. Kh4 Kc4 47. Kg5 Kd3 48. Kxg6 Ke2 49. Kxf5 1-0

[Event "CZE-chT2C 2223"]
[Site "Czech Republic"]
[Date "2022.10.16"]
[Round "1.2"]
[White "Novotny, Jaroslav"]
[Black "Kucera, Petr3333"]
[Result "1/2-1/2"]
[WhiteElo "2145"]
[BlackElo "2263"]
[PlyCount "33"]
[EventDate "2022.10.16"]
[EventType "team-tourn"]
[EventRounds "11"]
[EventCountry "CZE"]
[SourceTitle "EXT 2024"]
[Source "ChessBase"]
[SourceDate "2023.10.10"]
[SourceVersion "1"]
[SourceVersionDate "2023.10.10"]
[SourceQuality "1"]
[WhiteTeam "Jicin"]
[BlackTeam "Turnov Zikuda II"]
[WhiteTeamCountry "CZE"]
[BlackTeamCountry "CZE"]

1. c4 Nf6 2. Nc3 c5 3. g3 g6 4. Bg2 Bg7 5. Nf3 Nc6 6. d4 cxd4 7. Nxd4 0-0 8. 0-0 Qa5 9. Nb3 Qh5 10. e3 Qxd1 11. Rxd1 b6 12. Nd5 Rb8 13. Bd2 e6 14. Nb4 Bb7 15. Rac1 Rfc8 16. Nxc6 Bxc6 17. Nd4 1/2-1/2

[Event "CZE-ch Amateur"]
[Site "Luhacovice"]
[Date "2022.03.19"]
[Round "9"]
[White "Bures, Vit"]
[Black "Novotny, Jaroslav"]
[Result "1/2-1/2"]
[WhiteElo "2121"]
[BlackElo "2190"]
[PlyCount "43"]
[EventDate "2022.03.12"]
[EventType "swiss"]
[EventRounds "9"]
[EventCountry "CZE"]
[SourceTitle "EXT 2023"]
[Source "ChessBase"]
[SourceDate "2022.10.05"]
[SourceVersion "1"]
[SourceVersionDate "2022.10.05"]
[SourceQuality "1"]

1. d4 g6 2. e4 Bg7 3. Nc3 d6 4. Be3 a6 5. Qd2 b5 6. f3 Nd7 7. h4 h6 8. Nh3 Bb7 9. 0-0-0 Rc8 10. Kb1 c5 11. dxc5 Nxc5 12. Bd4 Nf6 13. g4 Ne6 14. Be3 Nd7 15. Nd5 Ne5 16. Be2 Nc4 17. Bxc4 Rxc4 18. b3 Rc8 19. Rhf1 h5 20. gxh5 Rxh5 21. Ng5 Nxg5 22. hxg5 1/2-1/2

[Event "CZE-chT2C 1920"]
[Site "Czech Republic"]
[Date "2020.02.23"]
[Round "9.3"]
[White "Novotny, Jaroslav"]
[Black "Kucera, Tomas"]
[Result "1/2-1/2"]
[WhiteElo "2149"]
[BlackElo "1993"]
[PlyCount "169"]
[EventDate "2019.10.13"]
[EventType "team-tourn"]
[EventRounds "11"]
[EventCountry "CZE"]
[SourceTitle "EXT 2024"]
[Source "ChessBase"]
[SourceDate "2023.10.10"]
[SourceVersion "1"]
[SourceVersionDate "2023.10.10"]
[SourceQuality "1"]
[WhiteTeam "Jicin"]
[BlackTeam "Kobylisy II"]
[WhiteTeamCountry "CZE"]
[BlackTeamCountry "CZE"]

1. c4 Nf6 2. Nc3 g6 3. g3 Bg7 4. Bg2 0-0 5. Nf3 d6 6. 0-0 e5 7. d3 Nc6 8. Bg5 h6 9. Bxf6 Bxf6 10. Rb1 a5 11. a3 Be6 12. b4 axb4 13. axb4 Qd7 14. Nd2 Ra7 15. b5 Nd4 16. e3 Nf5 17. b6 Ra3 18. Nde4 Be7 19. bxc7 Ra7 20. Nb5 Ra5 21. Nec3 Qc8 22. Nd5 Bxd5 23. Bxd5 Ng7 24. Qf3 b6 25. Bb7 Qd7 26. Qc6 Qxc6 27. Bxc6 Ne6 28. Bb7 Nxc7 29. Nxc7 Ra7 30. Nd5 Rxb7 31. Nxe7+ Rxe7 32. Rxb6 Rd8 33. Rfb1 Kg7 34. R1b5 Rc7 35. Rd5 e4 36. dxe4 Rxc4 37. Rd4 Rxd4 38. exd4 Kf6 39. Kf1 Ke7 40. Ke2 Ra8 41. h4 h5 42. Ke3 Ra2 43. d5 Ra4 44. Rb7+ Ke8 45. f3 Ra3+ 46. Kf4 Rc3 47. Rb2 Ke7 48. Rb7+ Ke8 49. Rb2 Ke7 50. Re2 Kf6 51. Re3 Rc4 52. Ra3 Rc7 53. Ra6 Ke7 54. Kg5 Rc3 55. Ra7+ Ke8 56. f4 Rxg3+ 57. Kf6 Rg4 58. Re7+ Kd8 59. Rxf7 Rxf4+ 60. Kxg6 Rxh4 61. Kf5 Rg4 62. Rh7 Rg8 63. Ke6 Rg6+ 64. Kf5 Rg8 65. Rxh5 Re8 66. Rh7 Re5+ 67. Kf4 Ke8 68. Rg7 Kd8 69. Ra7 Ke8 70. Rg7 Kd8 71. Ke3 Ke8 72. Kd4 Kd8 73. Rh7 Ke8 74. Kc4 Rxe4+ 75. Kb5 Rg4 76. Kc6 Rg6 77. Rd7 Rh6 78. Rxd6 Rh7 79. Rg6 Ra7 80. d6 Ra6+ 81. Kc7 Ra7+ 82. Kb6 Ra1 83. Kc6 Rc1+ 84. Kd5 Rd1+ 85. Kc6 1/2-1/2

[Event "CZE-chT2C 1920"]
[Site "Czech Republic"]
[Date "2019.11.03"]
[Round "2.2"]
[White "Vitak, Jiri"]
[Black "Novotny, Jaroslav"]
[Result "1/2-1/2"]
[WhiteElo "2220"]
[BlackElo "2149"]
[PlyCount "129"]
[EventDate "2019.10.13"]
[EventType "team-tourn"]
[EventRounds "11"]
[EventCountry "CZE"]
[SourceTitle "EXT 2024"]
[Source "ChessBase"]
[SourceDate "2023.10.10"]
[SourceVersion "1"]
[SourceVersionDate "2023.10.10"]
[SourceQuality "1"]
[WhiteTeam "Liberec Desko"]
[BlackTeam "Jicin"]
[WhiteTeamCountry "CZE"]
[BlackTeamCountry "CZE"]

1. d4 Nf6 2. c4 e6 3. g3 d5 4. Nf3 dxc4 5. Bg2 Bd7 6. Ne5 Bc6 7. Nxc6 Nxc6 8. Qa4 Nd5 9. Qxc4 Qd7 10. 0-0 0-0-0 11. e3 h5 12. h3 f5 13. Nc3 h4 14. Qe2 hxg3 15. fxg3 Bd6 16. Nxd5 exd5 17. Qf3 Ne7 18. Bd2 Kb8 19. a4 Qe6 20. b4 g5 21. Qf2 Rh5 22. Ra3 Rdh8 23. Be1 g4 24. h4 Ng8 25. Rb3 Nf6 26. b5 Qe7 27. a5 Rc8 28. a6 b6 29. Qc2 Qd7 30. Qa2 c5 31. bxc6 Rxc6 32. Rb2 Bc7 33. Bf2 Qd6 34. Rfb1 Rh8 35. Rc2 Rxc2 36. Qxc2 Qe6 37. Rc1 Rc8 38. Qc6 Qxc6 39. Rxc6 Rf8 40. Be1 Rf7 41. Bf1 Ne4 42. Kg2 Bd6 43. Bb5 Re7 44. Ba4 Rc7 45. h5 Rxc6 46. Bxc6 Nf6 47. h6 Bf8 48. h7 Bg7 49. Bb4 Kc7 50. Bb7 Kd7 51. Bf8 Bh8 52. Bh6 Nxh7 53. Bxd5 Nf6 54. Bc4 Ne4 55. Bb5+ Ke6 56. Bf4 Nd6 57. Bd3 Nc8 58. Bc4+ Kd7 59. Kf2 Bf6 60. Ke2 Be7 61. Kd3 Bd6 62. Bb5+ Ke6 63. Bc6 Bxf4 64. exf4 Nd6 65. Bb7 1/2-1/2

[Event "Pardubice Czech op-B 30th"]
[Site "Pardubice"]
[Date "2019.07.23"]
[Round "5"]
[White "Novotny, Jaroslav"]
[Black "Bares, Jachym"]
[Result "1/2-1/2"]
[WhiteElo "2183"]
[BlackElo "2015"]
[PlyCount "104"]
[EventDate "2019.07.19"]
[EventType "swiss"]
[EventRounds "9"]
[EventCountry "CZE"]
[SourceTitle "EXT 2020"]
[Source "ChessBase"]
[SourceDate "2019.10.17"]
[SourceVersion "1"]
[SourceVersionDate "2019.10.17"]
[SourceQuality "1"]

1. Nf3 Nf6 2. g3 d5 3. Bg2 h6 4. 0-0 Bf5 5. d3 e6 6. c4 c6 7. Be3 Bd6 8. Qb3 Qc8 9. Nc3 Nbd7 10. Rac1 Qb8 11. cxd5 exd5 12. Nd4 Bg6 13. Bh3 0-0 14. Nf5 Bxf5 15. Bxf5 Re8 16. Bd4 Ne5 17. f4 Ned7 18. Bxd7 Nxd7 19. e4 Bc5 20. Bxc5 Nxc5 21. Qc2 dxe4 22. dxe4 Qd8 23. Rcd1 Qb6 24. Kg2 Rad8 25. e5 Ne6 26. Rf2 c5 27. Rfd2 Rxd2+ 28. Rxd2 Rd8 29. Rxd8+ Qxd8 30. Qd1 Qb6 31. b3 Nd4 32. Qd3 Qa5 33. Kf2 b5 34. Ke3 Nf5+ 35. Ke4 g6 36. g4 Qb4+ 37. Kf3 Nh4+ 38. Kg3 g5 39. fxg5 hxg5 40. Qd8+ Kh7 41. Qxg5 Ng6 42. Qe3 c4 43. Nd5 Qa5 44. e6 fxe6 45. Qxe6 Qxa2 46. Nf6+ Kh6 47. g5+ Kxg5 48. Ne4+ Kh6 49. Qh3+ Kg7 50. Qd7+ Kh6 51. Qh3+ Kg7 52. Qd7+ Kh6 1/2-1/2

[Event "Pardubice Czech op-B 30th"]
[Site "Pardubice"]
[Date "2019.07.22"]
[Round "4"]
[White "Orlov, Aleksandr"]
[Black "Novotny, Jaroslav"]
[Result "0-1"]
[WhiteElo "1949"]
[BlackElo "2183"]
[PlyCount "120"]
[EventDate "2019.07.19"]
[EventType "swiss"]
[EventRounds "9"]
[EventCountry "CZE"]
[SourceTitle "EXT 2020"]
[Source "ChessBase"]
[SourceDate "2019.10.17"]
[SourceVersion "1"]
[SourceVersionDate "2019.10.17"]
[SourceQuality "1"]

1. d4 Nf6 2. Nf3 e6 3. g3 d5 4. Bg2 c5 5. c3 Nc6 6. 0-0 Be7 7. Nbd2 0-0 8. Re1 b5 9. e4 Bb7 10. exd5 Nxd5 11. dxc5 Bxc5 12. Nb3 Be7 13. Nbd4 Qb6 14. Nxc6 Bxc6 15. Ne5 Rad8 16. Nxc6 Qxc6 17. Qb3 Qb6 18. a4 Bc5 19. a5 Bxf2+ 20. Kf1 Qc5 21. Re2 Be3 22. Bxd5 Bxc1 23. Be4 Bh6 24. a6 Rd6 25. Ra5 Rb6 26. Qb4 Qxb4 27. cxb4 Rd8 28. Rc2 f5 29. Bf3 Be3 30. Be2 Rbd6 31. Kg2 Rd2 32. Rxd2 Rxd2 33. Kf3 Bd4 34. Rxb5 Kf7 35. h3 Rxb2 36. Rb7+ Kf6 37. g4 g6 38. gxf5 gxf5 39. Rxh7 e5 40. Bd1 Rxb4 41. Rb7 Rc4 42. h4 Rc3+ 43. Kg2 Ra3 44. Be2 Ra2 45. Kf1 e4 46. Rf7+ Kg6 47. Rf8 Rb2 48. Re8 Kf6 49. h5 Kg5 50. Rg8+ Kf4 51. Rd8 Ke3 52. h6 Rb6 53. h7 Rh6 54. Rd5 Rh1+ 55. Kg2 Rxh7 56. Bb5 f4 57. Rd7 f3+ 58. Kg3 Rh6 59. Bc4 Rg6+ 60. Kh3 Kf4 0-1

[Event "CZE-chT2C 1819"]
[Site "Czech Republic"]
[Date "2019.03.31"]
[Round "11.1"]
[White "Kucera, Petr"]
[Black "Novotny, Jaroslav"]
[Result "1/2-1/2"]
[WhiteElo "2224"]
[BlackElo "2166"]
[PlyCount "49"]
[EventDate "2018.10.14"]
[EventType "team-tourn"]
[EventRounds "11"]
[EventCountry "CZE"]
[SourceTitle "EXT 2022"]
[Source "ChessBase"]
[SourceDate "2021.10.06"]
[SourceVersion "1"]
[SourceVersionDate "2021.10.06"]
[SourceQuality "1"]
[WhiteTeam "Liberec Desko"]
[BlackTeam "Jicin"]
[WhiteTeamCountry "CZE"]
[BlackTeamCountry "CZE"]

1. d4 Nf6 2. c4 e6 3. Nf3 d5 4. Nc3 Be7 5. cxd5 exd5 6. Bg5 c6 7. e3 Bf5 8. Be2 0-0 9. 0-0 Nbd7 10. a3 a5 11. Rc1 Ne4 12. Nxe4 Bxe4 13. Bf4 Nf6 14. Ne5 Ne8 15. Bg4 Nd6 16. Nd7 Re8 17. Nc5 Ra7 18. Nxe4 Nxe4 19. Qc2 Bd6 20. Bxd6 Qxd6 21. Bf5 g6 22. Bxe4 Rxe4 23. Qc5 Qxc5 24. Rxc5 a4 25. Rfc1 1/2-1/2

[Event "CZE-chT2C 1819"]
[Site "Czech Republic"]
[Date "2018.12.02"]
[Round "4.1"]
[White "Jirasek, Pavel"]
[Black "Novotny, Jaroslav"]
[Result "1-0"]
[WhiteElo "2249"]
[BlackElo "2166"]
[PlyCount "99"]
[EventDate "2018.10.14"]
[EventType "team-tourn"]
[EventRounds "11"]
[EventCountry "CZE"]
[SourceTitle "EXT 2022"]
[Source "ChessBase"]
[SourceDate "2021.10.06"]
[SourceVersion "1"]
[SourceVersionDate "2021.10.06"]
[SourceQuality "1"]
[WhiteTeam "Lipa"]
[BlackTeam "Jicin"]
[WhiteTeamCountry "CZE"]
[BlackTeamCountry "CZE"]

1. e4 c5 2. Nf3 e6 3. c3 Nf6 4. e5 Nd5 5. d4 cxd4 6. cxd4 b6 7. Nc3 Nxc3 8. bxc3 Qc7 9. Bd2 Be7 10. Bd3 Ba6 11. Bxa6 Nxa6 12. Qe2 Nb8 13. 0-0 0-0 14. c4 d6 15. Rfe1 Nd7 16. Bb4 Rfe8 17. Rad1 Rad8 18. d5 Nf8 19. Nd4 Ng6 20. Nb5 Qb8 21. exd6 Bf8 22. Nc7 Bxd6 23. Bxd6 Rxd6 24. Nxe8 Qxe8 25. Qg4 e5 26. h4 Nf8 27. a4 Nd7 28. a5 Qf8 29. axb6 axb6 30. Ra1 f5 31. Qh3 h5 32. Ra7 Kh7 33. Qa3 Qf6 34. Qa4 Qd8 35. Qb4 Qf6 36. Qb5 Qd8 37. Rea1 e4 38. R1a3 f4 39. Rb7 Qxh4 40. Rxd7 Rg6 41. Qb1 f3 42. Rxf3 exf3 43. Rd6 Qg4 44. Qxg6+ Qxg6 45. Rxg6 Kxg6 46. gxf3 Kf6 47. Kg2 g5 48. Kg3 Ke5 49. f4+ gxf4+ 50. Kh4 1-0

[Event "CZE-chT2C 1819"]
[Site "Czech Republic"]
[Date "2018.11.18"]
[Round "3.1"]
[White "Novotny, Jaroslav"]
[Black "Neckar, Lubomir"]
[Result "1/2-1/2"]
[WhiteElo "2166"]
[BlackElo "2281"]
[PlyCount "61"]
[EventDate "2018.10.14"]
[EventType "team-tourn"]
[EventRounds "11"]
[EventCountry "CZE"]
[SourceTitle "EXT 2022"]
[Source "ChessBase"]
[SourceDate "2021.10.06"]
[SourceVersion "1"]
[SourceVersionDate "2021.10.06"]
[SourceQuality "1"]
[WhiteTeam "Jicin"]
[BlackTeam "Lysa nad Labem IV"]
[WhiteTeamCountry "CZE"]
[BlackTeamCountry "CZE"]

1. e4 Nf6 2. e5 Nd5 3. d4 d6 4. Nf3 dxe5 5. Nxe5 c6 6. Bc4 g6 7. h3 Bg7 8. 0-0 Nd7 9. Nf3 0-0 10. Re1 N7b6 11. Bf1 Bf5 12. a3 Qc7 13. c4 Nf6 14. Nc3 Rad8 15. Be3 Ne4 16. Qc1 Nxc3 17. bxc3 Rfe8 18. Bh6 c5 19. Bxg7 Kxg7 20. Re5 cxd4 21. cxd4 f6 22. Re3 Nc8 23. Qb2 b6 24. Rae1 Bd7 25. d5 Kf7 26. Qd4 Qd6 27. Qh4 Kg7 28. Nd4 a6 29. Qe4 Qc5 30. Qf4 Qd6 31. Qe4 1/2-1/2

[Event "CZE-chT2B 1718"]
[Site "Czech Republic"]
[Date "2018.02.25"]
[Round "9.2"]
[White "Duda, Antonin"]
[Black "Novotny, Jaroslav"]
[Result "1-0"]
[WhiteElo "2065"]
[BlackElo "2184"]
[PlyCount "87"]
[EventDate "2017.10.15"]
[EventType "team-tourn"]
[EventRounds "11"]
[EventCountry "CZE"]
[SourceTitle "EXT 2022"]
[Source "ChessBase"]
[SourceDate "2021.10.06"]
[SourceVersion "1"]
[SourceVersionDate "2021.10.06"]
[SourceQuality "1"]
[WhiteTeam "Liberec Slavia"]
[BlackTeam "Jicin"]
[WhiteTeamCountry "CZE"]
[BlackTeamCountry "CZE"]

1. e4 c5 2. Nf3 e6 3. d4 cxd4 4. Nxd4 Nf6 5. Nc3 d6 6. g3 Be7 7. Bg2 0-0 8. 0-0 a6 9. a4 Nc6 10. Nb3 Rb8 11. a5 b5 12. axb6 Qxb6 13. g4 Re8 14. g5 Nd7 15. Be3 Qc7 16. f4 Bf8 17. Rf3 g6 18. Qd2 Nb6 19. Bf1 Nb4 20. Qf2 Nc4 21. Bxc4 Qxc4 22. Ba7 Ra8 23. Bb6 Qc6 24. Na5 Qd7 25. Rd1 Rb8 26. Nc4 Qc6 27. Ba7 Ra8 28. Na5 Qd7 29. Bd4 Qc7 30. Bb6 Qd7 31. Bd4 Qc7 32. Nb3 Rb8 33. Bf6 h5 34. Rh3 e5 35. f5 Qb6 36. Nd4 Nc6 37. Nd5 Qxd4 38. Rxd4 Nxd4 39. c3 Nxf5 40. exf5 Bxf5 41. Rxh5 gxh5 42. Qxf5 Rxb2 43. g6 Reb8 44. Qxh5 1-0

[Event "Klatovy op-A 23rd"]
[Site "Klatovy"]
[Date "2017.07.04"]
[Round "4"]
[White "Novak, Vaclav"]
[Black "Novotny, Jaroslav"]
[Result "0-1"]
[WhiteElo "1829"]
[BlackElo "1933"]
[PlyCount "114"]
[EventDate "2017.07.01"]
[EventType "swiss"]
[EventRounds "9"]
[EventCountry "CZE"]
[SourceTitle "EXT 2018"]
[Source "ChessBase"]
[SourceDate "2017.10.13"]
[SourceVersion "1"]
[SourceVersionDate "2017.10.13"]
[SourceQuality "1"]

1. e4 c5 2. Nf3 d6 3. c3 Nf6 4. d3 Nc6 5. h3 g6 6. Be2 Bg7 7. 0-0 0-0 8. Bg5 b5 9. a4 b4 10. Qc2 Bb7 11. Nbd2 Rc8 12. c4 a5 13. Rad1 h6 14. Be3 e5 15. Nb3 Nh5 16. Qd2 Kh7 17. g4 Nf4 18. Kh2 g5 19. Ne1 Qf6 20. Ng2 Ra8 21. Na1 Nd4 22. Bxd4 cxd4 23. Nxf4 gxf4 24. f3 Bc6 25. b3 Qh4 26. Qe1 Bf6 27. Nc2 Rg8 28. Rh1 Rg6 29. Qxh4 Bxh4 30. Kg2 Bd7 31. Rdg1 f5 32. Kf1 fxe4 33. fxe4 Kg7 34. Ne1 Bxe1 35. Kxe1 Rg8 36. Rh2 Kf6 37. Rhg2 h5 38. Kf2 hxg4 39. hxg4 R6g7 40. Bf3 Rh7 41. Rc1 Rc8 42. Ke2 Kg5 43. Kf2 Rh4 44. Rcg1 Be6 45. Rc1 Rh3 46. Rcg1 Rch8 47. Rc1 Rh1 48. Rgg1 Rxg1 49. Kxg1 Bxg4 50. Bxg4 Kxg4 51. c5 Rc8 52. c6 Kf3 53. c7 Ke3 54. Rc6 Kxd3 55. Rxd6 Rxc7 56. Rd5 Kxe4 57. Rxa5 Rc3 0-1

[Event "CZE-chT2B 1617"]
[Site "Czech Republic"]
[Date "2017.02.12"]
[Round "8.5"]
[White "Babicka, Michal"]
[Black "Novotny, Jaroslav"]
[Result "1/2-1/2"]
[WhiteElo "2014"]
[BlackElo "2196"]
[PlyCount "35"]
[EventDate "2016.10.09"]
[EventType "team-tourn"]
[EventRounds "11"]
[EventCountry "CZE"]
[SourceTitle "EXT 2022"]
[Source "ChessBase"]
[SourceDate "2021.10.06"]
[SourceVersion "1"]
[SourceVersionDate "2021.10.06"]
[SourceQuality "1"]
[WhiteTeam "Decin"]
[BlackTeam "Jicin IV"]
[WhiteTeamCountry "CZE"]
[BlackTeamCountry "CZE"]

1. e4 c5 2. Nf3 e6 3. d4 cxd4 4. Nxd4 Nf6 5. Nc3 d6 6. g4 a6 7. h4 b5 8. a3 Bb7 9. Bg2 d5 10. e5 Nfd7 11. f4 Nc6 12. Nce2 Bc5 13. Be3 Qe7 14. c3 Nb6 15. Nxc6 Bxc6 16. Bxc5 Qxc5 17. Qd4 Nd7 18. Qxc5 1/2-1/2

[Event "CZE-chT2B 1617"]
[Site "Czech Republic"]
[Date "2016.12.11"]
[Round "5.1"]
[White "Richterova, Natasa"]
[Black "Novotny, Jaroslav"]
[Result "1-0"]
[WhiteElo "2210"]
[BlackElo "2196"]
[PlyCount "69"]
[EventDate "2016.10.09"]
[EventType "team-tourn"]
[EventRounds "11"]
[EventCountry "CZE"]
[SourceTitle "EXT 2022"]
[Source "ChessBase"]
[SourceDate "2021.10.06"]
[SourceVersion "1"]
[SourceVersionDate "2021.10.06"]
[SourceQuality "1"]
[WhiteTeam "Horice"]
[BlackTeam "Jicin IV"]
[WhiteTeamCountry "CZE"]
[BlackTeamCountry "CZE"]

1. Nf3 g6 2. g3 Bg7 3. Bg2 c5 4. 0-0 Nc6 5. c3 e5 6. e4 Nge7 7. d3 0-0 8. Be3 d6 9. d4 exd4 10. cxd4 Bg4 11. dxc5 Bxb2 12. Nbd2 Bxa1 13. Qxa1 dxc5 14. Bxc5 Qd7 15. Be3 f6 16. Nb3 Rad8 17. Nc5 Qc8 18. Rc1 b6 19. Nb3 Qd7 20. Nfd2 Kg7 21. Bf1 Be6 22. Bb5 Qd6 23. Bf4 Ne5 24. Kg2 Rc8 25. Rd1 Rfd8 26. Re1 Rc2 27. Nf3 Bxb3 28. Nxe5 Qc5 29. Ng4 Ng8 30. axb3 Qxb5 31. e5 Qd5+ 32. Kg1 Qf3 33. exf6+ Kf8 34. Qa3+ Rc5 35. Qxa7 1-0

[Event "CZE-chT2B 1617"]
[Site "Czech Republic"]
[Date "2016.10.30"]
[Round "2.5"]
[White "Novotny, Jaroslav"]
[Black "Hajny, Miloslav"]
[Result "1-0"]
[WhiteElo "2196"]
[BlackElo "2034"]
[PlyCount "57"]
[EventDate "2016.10.09"]
[EventType "team-tourn"]
[EventRounds "11"]
[EventCountry "CZE"]
[SourceTitle "EXT 2022"]
[Source "ChessBase"]
[SourceDate "2021.10.06"]
[SourceVersion "1"]
[SourceVersionDate "2021.10.06"]
[SourceQuality "1"]
[WhiteTeam "Jicin IV"]
[BlackTeam "Mlada Boleslav"]
[WhiteTeamCountry "CZE"]
[BlackTeamCountry "CZE"]

1. e4 Nf6 2. e5 Nd5 3. d4 d6 4. Nf3 g6 5. Bc4 c6 6. 0-0 Bg7 7. exd6 Qxd6 8. h3 0-0 9. Re1 Nd7 10. Bf1 e6 11. c4 N5f6 12. Nc3 b6 13. Be3 Bb7 14. Qd2 Qc7 15. Bf4 Qc8 16. Rad1 Rd8 17. Qc1 Re8 18. Ng5 c5 19. Nb5 cxd4 20. Nxf7 Re7 21. Nfd6 Qb8 22. Nf5 Qd8 23. Nxe7+ Qxe7 24. Nc7 Rc8 25. Nxe6 Ne4 26. Nxg7 Qxg7 27. f3 Nec5 28. Qd2 Nf8 29. Bh6 1-0